| 000 | 01368nam0a2200313 4500 | ||
|---|---|---|---|
| 001 | RU\NLR\ONL2\14685 | ||
| 005 | 20260317114905.0 | ||
| 035 | _a(NLR Aleph) 009662270 | ||
| 090 |
_a13635119 _c13635119 |
||
| 100 | _a20090617d1956 k y0rusy50 ca | ||
| 101 | 0 | _aaze | |
| 102 | _aAZ | ||
| 105 | _ac ||||||||| | ||
| 200 | 1 |
_aХалг шаири Сәмәд Вурғун _ehәjат вә jарадыҹылығы _fБ. Ваhабзадә _gССРИ Али тэhсил наз. С. М. Киров ад. Азэрбаjчан дөв. ун-ти |
|
| 210 |
_aБакы _cС. М. Киров ад. Азэрбаjчан дөв. ун-ти _d1956 |
||
| 215 |
_a130 с.,[1] л. портр. _d15 |
||
| 541 | 1 |
_6z01790 _aНародный поэт Самед Вургун _eжизнь и творчество _zrus |
|
| 600 | 0 | 1 |
_aВургун _bС. _gСамед _2psbo |
| 606 | 0 |
_aАзербайджанская литература _xИстория _92176176 _3RU\NLR\auth-onl\66418 |
|
| 686 | 1 | _aШ5(2=Аз)7-4Вургун | |
| 700 | 1 |
_aВаhабзадә _bБ. М. _gБәхтиjар Маhмуд оғлу _4070 |
|
| 790 | 1 |
_6z01541 _aВахабзаде _bБ. М. _gБахтияр Махмуд оглы _4070 |
|
| 801 | 0 |
_aRU _bNLR _c20090904 _gPSBO |
|
| 852 |
_aNLR _bОНЛ _jАзерб./1-1339 |
||
| 942 | _cBOOK | ||
| 980 | _aONL_RF | ||
| 980 | _aNB | ||